000 00776nam a2200265Ia 4500
003 OSt
005 20220918230527.0
006 a|||||r|||| 00| 0
007 ta
008 220917b |||||||| |||| 00| 0 eng d
024 _a254,958
037 _cTextual
040 _aARTS
_cARTS
_beng
041 _2eng
_aeng
082 _aV653:3.N6, L3
100 _aJalloh Abdul A.
_9152775
110 _aInstitute of International Studies
_9152776
245 0 _aPolitical integration in french-speaking Africa
260 _aBerkeley
_bUniversity of Berkeley
_c1973
300 _axii,208p.
_ccm.
650 _aHISTORY
700 _aInstitute of International Studies
_9152777
942 _hV653:3.N6, L3
_cTEXL
_2CC
999 _c288270
_d288270